000 00180 a2200085 4500
020 _aPARK BOOKS
100 _aGÉRALDINE BORIO
245 _aLOOKING FOR THE VOIDS
260 _bPARK BOOKS
999 _c13104
_d13104